| 000 | 00985nam a2200229Ia 4500 | ||
|---|---|---|---|
| 999 |
_c56651 _d56651 |
||
| 001 | 23773 | ||
| 003 | GE_BSU | ||
| 005 | 20250305110756.0 | ||
| 008 | 181216s1996||||ge |||||||||||||| ||geo|| | ||
| 040 | _cGE_BSU | ||
| 041 | _ageo | ||
| 080 | _a612(075.8) ი-72 | ||
| 100 |
_aიოსელიანი, თეიმურაზ _924457 |
||
| 245 |
_aფიზიოლოგია : _b ვისცერალური სისტემები / _cთემურ იოსელიანი , რედ. გურამ ბექაია |
||
| 264 |
_aთბილისი : _bსიახლე, _c1996. |
||
| 300 |
_a300გვ. ; _b20 სმ. |
||
| 501 | _aსაგნობრ. საძიებ. გვ. 282-294 | ||
| 653 | _aმედიცინა | ||
| 653 | _aფიზიოლოგია : ვისცერალური სისტემები | ||
| 700 |
_aბექაია, გურამ _eრედაქტორი _91690 |
||
| 942 |
_cBK _2udc |
||